| Tag |
First Indicator |
Second Indicator |
Subfields |
| LEADER |
00000cam a2200000 4500 |
| 001 |
in00000251908 |
| 005 |
20151010060239.0 |
| 008 |
781005s1957 sdub b s00000 eng d |
| 010 |
|
|
|a gs 57000187
|
| 035 |
|
|
|a (OCoLC)04265233
|
| 035 |
|
|
|9 ABD2736AM
|
| 040 |
|
|
|a UUM
|c UUM
|d TXA
|d UtOrBLW
|
| 049 |
|
|
|a TXAM
|c [655035]
|
| 090 |
|
|
|a QE163
|b .S69 no. 82
|
| 100 |
1 |
|
|a Tipton, M. J.
|
| 245 |
1 |
0 |
|a Geology and hydrology of the Parker-Centerville outwash.
|
| 264 |
|
1 |
|a Vermillion :
|b University of South Dakota,
|c 1957.
|
| 300 |
|
|
|a ii, 19 pages :
|b maps (2 folded in pocket)
|
| 336 |
|
|
|a text
|b txt
|2 rdacontent
|
| 337 |
|
|
|a unmediated
|b n
|2 rdamedia
|
| 338 |
|
|
|a volume
|b nc
|2 rdacarrier
|
| 490 |
1 |
|
|a South Dakota. State Geological Survey. Report of investigations, no. 82
|
| 504 |
|
|
|a Bibliography: page 19.
|
| 650 |
|
0 |
|a Geology
|z South Dakota
|z Vermillion River Watershed.
|
| 650 |
|
0 |
|a Water-supply
|z South Dakota
|z Vermillion River Watershed.
|
| 830 |
|
0 |
|a Report of investigations (South Dakota Geological Survey) ;
|v no. 82.
|
| 999 |
|
|
|a MARS
|
| 999 |
f |
f |
|s ee5d6fe0-010e-351e-9743-d86270476adf
|i cbe4a27a-1a0d-3574-87bd-00bd47d37307
|t 0
|
| 952 |
f |
f |
|a Texas A&M University
|b College Station
|c Sterling C. Evans Library
|s Evans stk
|d Evans: Library Stacks
|t 0
|e QE163 .S69 no. 81
|h Library of Congress classification
|
| 998 |
f |
f |
|a QE163 .S69 no. 81
|t 0
|l Evans: Library Stacks
|